000 00892cam a2200265 a 4500
001 1515937
003 ARRUPE
005 20161006105802.0
008 890713s1976 tz b 000 0 eng
010 _a 89162144
040 _aDLC
_cDLC
_dDLC
043 _af-tz---
050 0 0 _aBR1443.T3
_bE88 1976
082 0 0 _a276.78
_220
245 0 0 _aEssays on church and society in Tanzania /
_cedited by C.K. Omari.
260 _aArusha, Tanzania :
_bEvangelical Lutheran Church in Tanzania,
_cc1976.
300 _a140 p. ;
_c21 cm.
504 _aIncludes bibliographical references.
650 0 _aChristian sociology
_zTanzania.
_926524
651 0 _aTanzania
_xChurch history.
_926525
700 1 _aOmari, Cuthbert K.
_926526
906 _a7
_bcbc
_corignew
_d3
_encip
_f19
_gy-gencatlg
942 _2lcc
_cMONOGRAPH
999 _c125435
_d125435